000 00309nam a22001337a 4500
008 181011b xxu||||| |||| 00| 0 eng d
020 _a9781604060263
041 _aeng
080 _a617
100 _a5
101 _aKIR
245 _aComplications in Facial Plastic Surgery
_cCapone, R.B
942 _2udc
_cBK
999 _c49374
_d49374